000 00606nam a2200205Ia 4500
003 IN-BaIIA
008 211028s9999 xx 000 0 eng d
040 _cIIA Library
080 _a519.2
_bBAR
100 _aBartlett, M. S.
_94111
245 3 _aAn introduction to stochastic processes
_cM. S. Bartlett,
260 _aCambridge
_bCambridge University Press
_c1962
300 _axiv, 312p.
650 _aNASA Thesaurus
650 _aStatistics
650 _aStochastic Process
_94112
650 _aWave Progration
_94113
650 _aWaves
942 _cBK
999 _c2295
_d2295